000 00417nam a2200181Ia 4500
001 10552
005 20260306161840.0
008 260306t1967||||xx |||||||||||||| ||spa||
041 _aESP
082 _a940.25
_bB38
100 _aBelloc, Hilaire
_eAUT
245 0 _aLa revolución francesa
260 _c1967
300 _a227 pƔginas :
_c17 cm.
650 _aGEN
654 _aCHU
942 _cLIB
_dJUS
_fJUS
_2ddc
_n
999 _c10552
_d10552